ر شيد حسن خا ن کی ا د بی جہا ت (Record no. 186995)

MARC details
000 -LEADER
fixed length control field 00676nam a22001937a 4500
005 - DATE AND TIME OF LATEST TRANSACTION
control field 20220325121531.0
010 ## - LCCN (DPL NO)
LC control number UR-11494
020 ## - INTERNATIONAL STANDARD BOOK NUMBER
Terms of availability 400.00
International Standard Book Number 9788194863588
035 ## - SYSTEM CONTROL NUMBER
System control number U-10049
037 ## - SOURCE OF ACQUISITION
Source of stock number/acquisition DBAD/PUB
Stock number -
082 ## - DEWEY DECIMAL CLASSIFICATION NUMBER
Classification number 840.08
Edition number Ist
100 ## - MAIN ENTRY--PERSONAL NAME
Personal name ا بر ا ہيم ا فسر
245 ## - TITLE STATEMENT
Title ر شيد حسن خا ن کی ا د بی جہا ت
Statement of responsibility, etc ا بر ا ہيم ا فسر
246 ## - VARYING FORM OF TITLE
Remainder of title Rasheed Hasan Khan Ki Adabi Jihat (Urdu)
Title proper/short title by Ibraheem Afsar
260 ## - PUBLICATION, DISTRIBUTION, ETC. (IMPRINT)
Place of publication, distribution, etc N.Delhi
Name of publisher, distributor, etc Ibraheem Afsar
Date of publication, distribution, etc 2021ء
270 ## - ADDRESS
Address 1307/8,Kalan Mehal,Darya Ganj,
City New Delhi
Postal code 110002
Telephone number 9871202888
Fax number -
300 ## - PHYSICAL DESCRIPTION
Extent 718 ص
Dimensions 22 Cm(Hb)
942 ## - ADDED ENTRY ELEMENTS (KOHA)
Source of classification or shelving scheme Dewey Decimal Classification
Item type Urdu Bks
Classification part 840.08
Call number suffix ا ب ر
Holdings
Withdrawn status Lost status Not for loan Collection code Home library Current library Date acquired Source of acquisition Cost, normal purchase price Full call number Barcode Copy number Cost, replacement price Koha item type
    Not For Loan Non-fiction D.B.Act.Division Central Library 25/03/2022 DBAD/PUB 400.00 840.08 ا ب ر U-10049 1 400.00 Urdu Bks

© Delhi Public Library
Hit Counter
free hit counter